[Event "IECC O email"]
[Site "IECC email"]
[Date "2001.11.27"]
[Round "?"]
[White "Mitchell, TT."]
[Black "Merila, Andres"]
[Result "0-1"]
[WhiteElo "986"]
[BlackElo "1017"]
[PlyCount "72"]
[EventDate "2001.??.??"]
[EventType "tourn (corr)"]
[EventRounds "6"]
[SourceTitle "Corr 2008"]
[Source "ChessBase"]
[SourceDate "2008.06.24"]
[SourceVersion "1"]
[SourceVersionDate "2008.06.24"]
[SourceQuality "1"]

1. e4 e5 2. c4 Nf6 3. d3 Nc6 4. Nf3 Bb4+ 5. Nc3 0-0 6. a3 Be7 7. Bd2 d6 8. Nd5 Nxd5 9. exd5 Nd4 10. Nxd4 exd4 11. Qe2 c6 12. dxc6 bxc6 13. 0-0-0 d5 14. Qe1 Bd6 15. Be2 Rb8 16. cxd5 cxd5 17. Ba5 Qd7 18. Kb1 Qb7 19. Rd2 Bf5 20. Ka2 Rfe8 21. Qd1 Bf4 22. Rc2 Rec8 23. g3 Bd6 24. Rxc8+ Rxc8 25. Qd2 Rb8 26. Rb1 Qb3+ 27. Ka1 Bxa3 28. Bd1 Qxd3 29. Qxd3 Bxd3 30. Bc2 Bxc2 31. Re1 Bxb2+ 32. Ka2 Bc3 33. Bxc3 dxc3 34. Re7 Bd3 35. Rxa7 c2 36. Rc7 Bc4+ 0-1

[Event "IECC M email"]
[Site "IECC email"]
[Date "2001.11.16"]
[Round "?"]
[White "Lafargue, Philippe"]
[Black "Merila, Andres"]
[Result "0-1"]
[WhiteElo "965"]
[BlackElo "1045"]
[PlyCount "72"]
[EventDate "2001.??.??"]
[EventType "tourn (corr)"]
[EventRounds "6"]
[SourceTitle "Corr 2008"]
[Source "ChessBase"]
[SourceDate "2008.06.24"]
[SourceVersion "1"]
[SourceVersionDate "2008.06.24"]
[SourceQuality "1"]

1. d4 d5 2. Nf3 Nf6 3. Bf4 Nc6 4. Nc3 Bf5 5. e3 Nb4 6. Bd3 Nxd3+ 7. cxd3 e6 8. 0-0 Be7 9. Nb5 a6 10. Nc3 0-0 11. h3 b5 12. Nd2 b4 13. Na4 Bxd3 14. Re1 Nd7 15. Nf3 Bb5 16. Bg5 Bxg5 17. Nxg5 Qxg5 18. f4 Qe7 19. Nc5 Nxc5 20. dxc5 Qxc5 21. Kh1 d4 22. Qb3 d3 23. Rec1 Qxe3 24. Rf1 c5 25. Rf3 Qe4 26. a4 Bc4 27. Qd1 Rfd8 28. b3 Bd5 29. Rg3 g6 30. Kh2 c4 31. Qf3 Qxf3 32. gxf3 cxb3 33. Rb1 d2 34. Rg2 Bxf3 35. Rgg1 Rab8 36. Kg3 d1Q 0-1

[Event "IECC O email"]
[Site "IECC email"]
[Date "2001.10.30"]
[Round "?"]
[White "Lafargue, Philippe"]
[Black "Merila, Andres"]
[Result "0-1"]
[WhiteElo "1001"]
[BlackElo "1000"]
[PlyCount "26"]
[EventDate "2001.??.??"]
[EventType "tourn (corr)"]
[EventRounds "6"]
[SourceTitle "Corr 2008"]
[Source "ChessBase"]
[SourceDate "2008.06.24"]
[SourceVersion "1"]
[SourceVersionDate "2008.06.24"]
[SourceQuality "1"]

1. e4 e5 2. Nf3 Nc6 3. Bc4 Nf6 4. Ng5 d5 5. exd5 Nxd5 6. Qf3 Qxg5 7. Bxd5 Qf6 8. Bxc6+ Qxc6 9. Qe2 Qxg2 10. Qxe5+ Kd8 11. Rf1 Bd6 12. Qc3 Re8+ 13. Kd1 Qxf1# 0-1